Central Library OPAC University of Rajshahi

میران جی شمس العشاق ;; Miran Ji Shamsul Ashak / (Record no. 81801)

MARC details
000 -LEADER
fixed length control field 00701naa a2200217 a 4500
001 - CONTROL NUMBER
control field 81801
003 - CONTROL NUMBER IDENTIFIER
rucl marc code BD-RjUL
005 - DATE AND TIME OF LATEST TRANSACTION
control field 20231104124953.0
008 - FIXED-LENGTH DATA ELEMENTS--GENERAL INFORMATION
fixed length control field 230829s1974 p ||||| |||| 00| 0 urd d
035 ## - SYSTEM CONTROL NUMBER
System control number (BD-RjUL)81801
040 ## - CATALOGING SOURCE
Original cataloging agency BD-RjUL
Language of cataloging eng
Transcribing agency BD-RjUL
041 ## - LANGUAGE CODE
Language code of text/sound track or separate title urd
082 ## - DEWEY DECIMAL CLASSIFICATION NUMBER
Edition number 23
Classification number 297.092
Author mark and year ALM 1974
100 ## - MAIN ENTRY--PERSONAL NAME
Personal name Ali, Muhammad Hashim ;; علی٫ محمد ہاشم
9 (RLIN) 8653
245 10 - TITLE STATEMENT
Title میران جی شمس العشاق ;; Miran Ji Shamsul Ashak /
Statement of responsibility, etc. Muhammad Hashim Ali ;; محمد ہاشم علی
260 ## - PUBLICATION, DISTRIBUTION, ETC. (IMPRINT)
Place of publication, distribution, etc. haydrabad :
Name of publisher, distributor, etc. Salimar pub. ,
Date of publication, distribution, etc. 1974
300 ## - PHYSICAL DESCRIPTION
Pagination 104 cm.
Size 22 cm
600 ## - SUBJECT ADDED ENTRY--PERSONAL NAME
Personal name میران جی شمس العشاق
650 ## - SUBJECT ADDED ENTRY--TOPICAL TERM
Topical term or geographic name as entry element Biography
942 ## - ADDED ENTRY ELEMENTS (KOHA)
Source of classification or shelving scheme Dewey Decimal Classification
Koha item type Books
Holdings
Lost status Source of classification or shelving scheme Damaged status Not for loan Collection code Permanent Location Current Location Shelving location Date acquired Total Checkouts Full call number Date last seen Copy number Koha item type
  Dewey Decimal Classification   Not For Loan Non-fiction Central Library, University of Rajshahi Central Library, University of Rajshahi Reading Room 29/08/2023   U 297.092 ALM 1974 29/08/2023 C-1 Books
  Dewey Decimal Classification     Non-fiction Central Library, University of Rajshahi Central Library, University of Rajshahi General Stacks 04/11/2023   U 297.092 ALM 1974 04/11/2023 C-2 Books